000
00221nam a22001097a 4500
003
OSt
008
231116b |||||||| |||| 00| 0 eng d
041
_a
eng
245
_a
Public Health hygiene
260
_a
WHO
942
_c
BK
999
_c
18032
_d
18032